[Event "Tata Steel Challengers"]
[Site "Wijk aan Zee NED"]
[Date "2024.01.18"]
[Round "5.1"]
[White "Dronavalli, Harika"]
[Black "Mendonca, Leon Luke"]
[Result "0-1"]
[WhiteTitle "GM"]
[BlackTitle "GM"]
[WhiteElo "2500"]
[BlackElo "2608"]
[WhiteFideId "5015197"]
[BlackFideId "35028561"]
[EventDate "2024.01.13"]

1. c4 b6 2. Nc3 Bb7 3. d4 e6 4. e4 Bb4 5. f3 Qh4+ 6. g3 Bxc3+ 7. bxc3 Qe7 8. Bd3
d6 9. Ne2 Nc6 10. Be3 Na5 11. Qa4+ Qd7 12. Qxd7+ Kxd7 13. c5 Ne7 14. Nc1 d5 15.
Rf1 bxc5 16. dxc5 Nc4 17. Bd4 f6 18. Rb1 Rhb8 19. Nb3 e5 20. Bg1 Na3 21. Rd1 Ke8
22. Na5 dxe4 23. fxe4 Bc8 24. Nc4 Nxc4 25. Bxc4 Bg4 26. Rd2 Bh3 27. Rff2 Rb1+
28. Rd1 Rab8 29. Rd2 Rxd1+ 30. Rxd1 Bg4 31. Rd2 Rb1+ 32. Kf2 Nc6 33. Bd3 Rc1 34.
Rc2 Rd1 35. Bb5 Bd7 36. Be2 Rb1 37. Kg2 Na5 38. Bf2 Bc6 39. Bf3 Nc4 40. g4 a5
41. Kg3 a4 42. h4 a3 43. g5 Rb2 44. Re2 Ba4 45. gxf6 gxf6 46. Bh5+ Ke7 47. Re1
Rxa2 48. c6 Kd6 49. Bg1 Rb2 50. Rf1 Ke6 51. Bg4+ Kf7 52. Bh5+ Kg7 53. Bc5 a2 54.
Be7 Nd2 55. Rg1 Rb1 56. Rg2 a1=Q 57. Kh3+ Kh6 58. Be8 Rh1+ 59. Kg4 Qd1+ 60. Kf5
Rf1+ 61. Ke6 Qb3+ 62. Kd7 Bxc6+ 0-1

[Event "Tata Steel Challengers"]
[Site "Wijk aan Zee NED"]
[Date "2024.01.19"]
[Round "6.6"]
[White "Yilmaz, Mustafa"]
[Black "Roebers, Eline"]
[Result "0-1"]
[WhiteTitle "GM"]
[BlackTitle "IM"]
[WhiteElo "2665"]
[BlackElo "2381"]
[WhiteFideId "6302718"]
[BlackFideId "1058401"]
[EventDate "2024.01.13"]

1. Nf3 Nf6 2. c4 g6 3. Nc3 Bg7 4. d4 O-O 5. e4 d6 6. Be2 e5 7. O-O b6 8. Re1 Nc6
9. d5 Ne7 10. b4 a5 11. bxa5 Rxa5 12. a4 Ra8 13. Nd2 Bh6 14. Bb2 Ne8 15. Nb3 f5
16. exf5 Nxf5 17. Bd3 Nf6 18. Ne4 Nh5 19. Ra3 Nh4 20. Bf1 Bd7 21. a5 bxa5 22.
Nxa5 Qe8 23. c5 Qf7 24. cxd6 Bf5 25. f3 Bxe4 26. Rxe4 Nf5 27. Nc4 Rxa3 28. Bxa3
cxd6 29. Qa4 Nf6 30. Re1 Qxd5 31. Kh1 Qd4 32. Qb3 Kh8 33. Nxd6 Nxd6 34. Rd1 Bd2
35. Bd3 e4 36. Rxd2 exd3 37. Rxd3 Qf2 38. Rd1 Re8 39. Qc3 Re6 40. h3 Ne8 41. Qc5
Qxc5 42. Bxc5 Kg8 43. Rd2 Kf7 44. Ra2 g5 45. Kh2 Kg6 46. g4 Nd5 47. Bf2 Rf6 48.
Ra3 Rc6 49. h4 Rc2 50. Kg1 h6 51. Ra6+ Nef6 52. Ra7 Nc7 53. Ra5 Nfd5 54. hxg5
hxg5 55. Rc5 Rd2 56. Ra5 Rd3 57. Kg2 Nf4+ 58. Kg3 Rd2 59. Ra1 Nce6 60. Ra6 Kf6
61. Rb6 Ra2 62. Bd4+ Ke7 63. Rb7+ Kd6 64. Rb6+ Kd5 65. Rb2 Ra3 66. Bf6 Nd4 67.
Bxd4 Kxd4 68. Rb5 Nd5 69. Rb7 Ra5 70. Rg7 Nf4 71. Rg8 Re5 72. Rd8+ Ke3 73. Ra8
Ke2 74. Ra2+ Kf1 75. Ra1+ Re1 76. Ra5 Ne2+ 77. Kh2 Kf2 78. f4 gxf4 79. g5 Rg1
80. Kh3 f3 81. Kh4 Nf4 82. Ra2+ Ke3 83. g6 Nxg6+ 84. Kh3 Nf4+ 85. Kh4 Nd3 0-1

[Event "Tata Steel Challengers"]
[Site "Wijk aan Zee NED"]
[Date "2024.01.20"]
[Round "7.6"]
[White "Dardha, Daniel"]
[Black "Niemann, Hans Moke"]
[Result "1/2-1/2"]
[WhiteTitle "GM"]
[BlackTitle "GM"]
[WhiteElo "2602"]
[BlackElo "2692"]
[WhiteFideId "240990"]
[BlackFideId "2093596"]
[EventDate "2024.01.13"]

1. e4 c5 2. c3 d5 3. exd5 Qxd5 4. d4 Nf6 5. Nf3 Nc6 6. Be3 Bg4 7. dxc5 Qxd1+ 8.
Kxd1 e5 9. b4 Nd5 10. Kc2 a5 11. b5 Bf5+ 12. Kb2 Nxe3 13. fxe3 Bxc5 14. bxc6
bxc6 15. Nxe5 Rb8+ 16. Kc1 Bxe3+ 17. Nd2 Rd8 18. Nc4 Bh6 19. Be2 O-O 20. Rd1 a4
21. g4 Bg6 22. Kb2 Bg5 23. a3 Rd5 24. Nf3 Rb8+ 25. Ka2 Bc2 26. Rab1 Re8 27. Rxd5
Bxb1+ 28. Kxb1 cxd5 29. Bd1 Be7 30. Ne3 Bxa3 31. Nxd5 Ra8 32. Ka2 Bc5 33. Ne5
Bd6 34. Nd7 Bxh2 35. c4 Bd6 36. N7b6 Re8 37. Nxa4 Re1 38. Nac3 g6 39. Kb3 1/2-1/2

[Event "Tata Steel Challengers"]
[Site "Wijk aan Zee NED"]
[Date "2024.01.21"]
[Round "8.6"]
[White "Divya, Deshmukh"]
[Black "Roebers, Eline"]
[Result "1-0"]
[WhiteTitle "IM"]
[BlackTitle "IM"]
[WhiteElo "2420"]
[BlackElo "2381"]
[WhiteFideId "35006916"]
[BlackFideId "1058401"]
[EventDate "2024.01.13"]

1. e4 e6 2. d4 d5 3. Nc3 Bb4 4. Ne2 Nf6 5. e5 Nfd7 6. a3 Be7 7. f4 c5 8. Be3 b6
9. Ng3 cxd4 10. Bxd4 Nc6 11. Bb5 Qc7 12. Bxc6 Qxc6 13. O-O g6 14. b4 Ba6 15. Rf3
h5 16. Rb1 Bc4 17. Nf1 Rc8 18. Ne3 Qc7 19. Qe1 Rg8 20. Qg3 Kf8 21. Qh3 Nb8 22.
f5 gxf5 23. Nxf5 exf5 24. Qxf5 Rg7 25. e6 f6 26. Qxh5 Nc6 27. Be3 Bd6 28. Qh8+
Rg8 29. Rxf6+ Ke7 30. Rf7+ 1-0

[Event "Tata Steel Challengers"]
[Site "Wijk aan Zee NED"]
[Date "2024.01.24"]
[Round "10.5"]
[White "Vrolijk, Liam"]
[Black "Korobov, Anton"]
[Result "1/2-1/2"]
[WhiteTitle "GM"]
[BlackTitle "GM"]
[WhiteElo "2573"]
[BlackElo "2663"]
[WhiteFideId "1048333"]
[BlackFideId "14105730"]
[EventDate "2024.01.13"]

1. d4 Nf6 2. c4 e6 3. g3 Bb4+ 4. Nd2 O-O 5. Bg2 d5 6. Nf3 dxc4 7. Qc2 a5 8. a3
Bxd2+ 9. Bxd2 b5 10. a4 b4 11. Ne5 Ra6 12. Rd1 Nbd7 13. Nxc4 Nd5 14. O-O Bb7 15.
Rfe1 Qa8 16. e4 N5b6 17. Nxb6 cxb6 18. Rc1 Ra7 19. Bf4 h6 20. Qd2 Nf6 21. Rc7
Bc6 22. Rxa7 Qxa7 23. Be5 Ng4 24. Bd6 Rd8 25. Qf4 Qd7 26. Bb8 Nxf2 27. Kxf2
Qxd4+ 28. Kf1 Bxa4 29. Bf3 Qxb2 30. Be2 Bc6 31. Be5 Qd2 32. Qf2 Bxe4 33. Qxb6
Rd5 34. Rd1 Qg5 35. Rxd5 Qf5+ 36. Ke1 Bxd5 37. Bd4 Be4 38. Bc5 Kh7 39. Kd2 Qd5+
40. Ke3 Bg6 41. Qd6 Qg5+ 42. Kf2 Qf5+ 43. Ke3 b3 44. Bd4 a4 45. Bb2 Qe4+ 46. Kf2
Qc2 47. Qd4 f6 48. Ba3 e5 49. Qc4 Qb1 50. g4 Qh1 51. Qxa4 Qxh2+ 52. Ke1 Qg3+ 53.
Kd2 Bc2 54. Qa7 Qf4+ 55. Kc3 Qg3+ 56. Kb2 e4 57. Bb4 Bd3 58. Qd7 Qf2 59. Ka3
Qxe2 60. Qf5+ Kh8 61. Qc8+ Kh7 1/2-1/2